00648nam a22002057a 450000500170000001000130001702000250003003500130005503700160006804000120008408200150009610000150011124500620012626000410018827000970022930000250032650000200035165000480037165000230041920170124110003.0 aB-217075 c00.00a9788184350159 aB-217075 bCen Lib/Ret aDPLbEN a362.7bYAD aYadav, K P aTrafficking :cby K P Yadavban emerging social problem / aNew DelhibAdhyayan Publishersc2006 a4378/4 B, 105, J. M. D. House, Murari Lal Street, Ansari Road, Darya GanjbNew Delhie110059 aviii,312p.c22cm(Hb) aIncludes index  aSexually abused children--Government policy aChild sexual abuse